| 000 | 01386cam a22003854a 4500 | ||
|---|---|---|---|
| 001 | 13113019 | ||
| 005 | 20200421093821.0 | ||
| 008 | 030306s2003 enk b 001 0 eng | ||
| 010 | _a 2003005266 | ||
| 015 | _aGBA3-W6822 | ||
| 020 | _a0415308178 (pbk.) | ||
| 020 | _a041530816X (hardback) | ||
| 035 | _a(OCoLC)ocm51855492 | ||
| 040 |
_aDLC _cDLC _dUKM _dC#P _dBAKER _dNLGGC _dDLC |
||
| 041 | 0 | _aengpor | |
| 042 | _apcc | ||
| 050 | 0 | 0 |
_aPC5067.3 _b.H88 2003 |
| 082 | 0 | 0 |
_a469.82/421 _221 |
| 084 |
_a18.36 _2bcl |
||
| 100 | 1 |
_aHutchinson, Amélia P., _d1949- _9854 |
|
| 245 | 1 | 0 |
_aPortuguese : _ban essential grammar / _cAmélia P. Hutchinson and Janet Lloyd. |
| 250 | _a2nd ed. | ||
| 260 |
_aNew York : _bRoutledge, _c2003. |
||
| 300 |
_axx, 262 p. ; _c25 cm. |
||
| 490 | 1 | _aRoutledge essential grammars | |
| 504 | _aIncludes bibliographical references (p. 253-254) and index. | ||
| 650 | 0 |
_aPortuguese language _xGrammar. _9855 |
|
| 650 | 0 |
_aPortuguese language _vTextbooks for foreign speakers _xEnglish. |
|
| 700 | 1 |
_aLloyd, Janet, _d1968- _9291 |
|
| 830 | 0 |
_aEssential grammar. _9292 |
|
| 856 | 4 | 2 |
_3Publisher description _uhttp://www.loc.gov/catdir/enhancements/fy0664/2003005266-d.html |
| 906 |
_a7 _bcbc _corignew _d1 _eecip _f20 _gy-gencatlg |
||
| 942 |
_2ddc _cBK |
||
| 999 |
_c172 _d172 |
||